[Event "20. Obert Int. Sant Marti 2018 - B"]
[Site "Barcelona ESP"]
[Date "2018.07.20"]
[Round "8.78"]
[White "Sanchez Rodriguez, Raul"]
[Black "Pandey, Vedanshi"]
[Result "1-0"]
[WhiteElo "1402"]
[BlackElo "1075"]
[PlyCount "119"]
[EventDate "2018.07.13"]
[EventType "swiss"]
[EventRounds "9"]
[EventCountry "ESP"]
[SourceTitle "Ajedrez en Madrid"]
[Source "lmi"]
[SourceDate "2018.07.13"]
[SourceVersion "1"]
[SourceVersionDate "2019.06.21"]
[SourceQuality "1"]

1. e4 c6 2. Nc3 d5 3. exd5 cxd5 4. d4 Bf5 5. Nf3 Nf6 6. Bb5+ Nbd7 7. O-O a6 8.
Ba4 b5 9. Bb3 e6 10. Re1 Be7 11. a4 bxa4 12. Bxa4 Ne4 13. Nxe4 Bxe4 14. Ne5 O-O
15. Nxd7 Re8 16. Ne5 Rf8 17. Nc6 Qc7 18. Nxe7+ Qxe7 19. Qg4 f5 20. Qg3 Qf6 21.
Bf4 Qxd4 22. Be5 Qa7 23. Re3 Qf7 24. Qf4 Rac8 25. Rg3 g6 26. Bc3 d4 27. Bxd4
Bxc2 28. Bxc2 Rxc2 29. Qe5 Qe7 30. Qh8+ Kf7 31. Qxh7+ Ke8 32. Qxe7+ Kxe7 33.
Rxg6 Ra8 34. h3 Kf7 35. Rg7+ Kf8 36. Bc3 Rxc3 37. bxc3 Kxg7 38. Ra5 Kf6 39. g4
Rg8 40. f3 fxg4 41. hxg4 Rc8 42. Ra3 Rc6 43. Kg2 Kg5 44. Kg3 e5 45. Ra5 Rxc3
46. Rxe5+ Kf6 47. Ra5 Rc6 48. Kh4 Kg6 49. f4 Kg7 50. g5 Kg6 51. f5+ Kg7 52. Kh5
Kh7 53. f6 Kg8 54. Kg6 Kf8 55. Kh7 Rc7+ 56. Kh6 Rc6 57. Rf5 Rc7 58. g6 Rc6 59.
Kh7 Rc1 60. g7+ 1-0

[Event "20. Obert Int. Sant Marti 2018 - B"]
[Site "Barcelona ESP"]
[Date "2018.07.20"]
[Round "8.79"]
[White "Juncosa Padros, Ernest"]
[Black "Samper Gonzalez, Pedro"]
[Result "1-0"]
[WhiteElo "1212"]
[BlackElo "1470"]
[PlyCount "63"]
[EventDate "2018.07.13"]
[EventType "swiss"]
[EventRounds "9"]
[EventCountry "ESP"]
[SourceTitle "Ajedrez en Madrid"]
[Source "lmi"]
[SourceDate "2018.07.13"]
[SourceVersion "1"]
[SourceVersionDate "2019.06.21"]
[SourceQuality "1"]

1. d4 Nf6 2. c4 g6 3. Nc3 Bg7 4. e4 d6 5. h3 O-O 6. Nf3 Nbd7 7. Bd3 e5 8. d5
Nc5 9. Be3 b6 10. O-O a5 11. a3 Bd7 12. Bxc5 bxc5 13. Re1 Nh5 14. Bc2 f5 15.
exf5 gxf5 16. Nxe5 Bxe5 17. Qxh5 Kh8 18. Qf3 Qf6 19. Rab1 Rab8 20. Qd3 Qh4 21.
a4 Rg8 22. Re3 Rbf8 23. Ne2 f4 24. Rf3 Rg7 25. g4 Qg5 26. Kg2 Bxg4 27. hxg4
Qxg4+ 28. Kf1 Qg2+ 29. Ke1 Qh1+ 30. Kd2 Qh6 31. Rh3 f3+ 32. Rxh6 1-0

[Event "20. Obert Int. Sant Marti 2018 - B"]
[Site "Barcelona ESP"]
[Date "2018.07.20"]
[Round "8.80"]
[White "Del Rio Baena, Dani"]
[Black "Castillo Rosa, Jose Luis"]
[Result "0-1"]
[WhiteElo "1050"]
[BlackElo "1402"]
[PlyCount "106"]
[EventDate "2018.07.13"]
[EventType "swiss"]
[EventRounds "9"]
[EventCountry "ESP"]
[SourceTitle "Ajedrez en Madrid"]
[Source "lmi"]
[SourceDate "2018.07.13"]
[SourceVersion "1"]
[SourceVersionDate "2019.06.21"]
[SourceQuality "1"]

1. e4 c5 2. Nf3 e6 3. d4 cxd4 4. Nxd4 a6 5. Nc3 Qc7 6. Be2 Nf6 7. O-O Bb4 8.
Qd3 Nc6 9. Bd2 Ne5 10. Qe3 Neg4 11. Bxg4 Nxg4 12. Qg3 Qxg3 13. fxg3 O-O 14. Rf4
e5 15. Rxg4 exd4 16. Nb1 Bc5 17. Kh1 d5 18. Rg5 f5 19. exf5 Bxf5 20. Na3 Be7
21. Rxf5 Rxf5 22. Re1 Raf8 23. h4 Bd6 24. Bf4 Bxf4 25. gxf4 Rxf4 26. Re5 Rf1+
27. Kh2 Rd8 28. Re7 b5 29. c3 d3 30. Re3 d2 31. Rd3 d1=Q 32. Rxd1 Rxd1 33. Nc2
a5 34. Ne3 Rd2 35. Nf5 Rxb2 36. a3 b4 37. cxb4 d4 38. bxa5 d3 39. a6 d2 40. Ne3
d1=Q 41. Nxd1 Rxd1 42. a7 Rd8 43. a8=Q Rxa8 44. a4 Rxa4 45. Kh3 Rb3+ 46. g3 h5
47. Kg2 Kf7 48. Kh3 Kf6 49. Kg2 Kf5 50. Kh3 g6 51. Kg2 Kg4 52. Kf2 Ra2+ 53. Ke1
Rb1# 0-1

[Event "20. Obert Int. Sant Marti 2018 - B"]
[Site "Barcelona ESP"]
[Date "2018.07.20"]
[Round "8.81"]
[White "Bermejo Cuadra, Roberto"]
[Black "Ruiz Serra, Guillem"]
[Result "0-1"]
[WhiteElo "1315"]
[BlackElo "1199"]
[PlyCount "86"]
[EventDate "2018.07.13"]
[EventType "swiss"]
[EventRounds "9"]
[EventCountry "ESP"]
[SourceTitle "Ajedrez en Madrid"]
[Source "lmi"]
[SourceDate "2018.07.13"]
[SourceVersion "1"]
[SourceVersionDate "2019.06.21"]
[SourceQuality "1"]

1. Nf3 d5 2. d4 e6 3. e3 Nf6 4. Bd3 c5 5. c4 Be7 6. O-O O-O 7. Nc3 Nbd7 8. Qb3
Qb6 9. Qxb6 Nxb6 10. dxc5 Bxc5 11. a3 Nxc4 12. b4 Be7 13. Bxc4 dxc4 14. Rd1 b6
15. Rd4 Bb7 16. Bb2 Bxf3 17. gxf3 Rac8 18. e4 Rfd8 19. Rxd8+ Rxd8 20. Rd1 Rc8
21. e5 Nh5 22. Rd7 Bg5 23. Rxa7 Bd2 24. Rd7 Bxc3 25. Bxc3 Nf4 26. Kf1 Nd5 27.
Bb2 c3 28. Bc1 Kf8 29. Ke2 Ke8 30. Rb7 h6 31. f4 g6 32. h4 c2 33. Kf3 Nc3 34.
Be3 Na2 35. Rxb6 Kf8 36. Bc5+ Kg7 37. Be3 Rc3 38. Kg2 Rxe3 39. fxe3 c1=Q 40.
Kf3 Qxa3 41. b5 Qc5 42. Ra6 Nb4 43. b6 Nxa6 0-1

[Event "20. Obert Int. Sant Marti 2018 - B"]
[Site "Barcelona ESP"]
[Date "2018.07.21"]
[Round "9.2"]
[White "Prats Safont, Sergi"]
[Black "Vargas Drechsler, Carlos"]
[Result "0-1"]
[WhiteElo "1918"]
[BlackElo "1871"]
[PlyCount "108"]
[EventDate "2018.07.13"]
[EventType "swiss"]
[EventRounds "9"]
[EventCountry "ESP"]
[SourceTitle "Ajedrez en Madrid"]
[Source "lmi"]
[SourceDate "2018.07.13"]
[SourceVersion "1"]
[SourceVersionDate "2019.06.21"]
[SourceQuality "1"]

1. e4 e5 2. Nf3 Nc6 3. Bc4 Nf6 4. d3 d5 5. exd5 Nxd5 6. O-O Bc5 7. Re1 O-O 8.
Nbd2 Bg4 9. h3 Bh5 10. g4 Bg6 11. Nxe5 Qh4 12. Ndf3 Qxf2+ 13. Kh1 Nxe5 14. Rxe5
Nf6 15. Bd2 Qg3 16. Rxc5 Qxh3+ 17. Nh2 Ne4 18. Qf3 Qxf3+ 19. Nxf3 Nxc5 20. Bb4
b6 21. d4 Be4 22. Kg2 Ne6 23. Bxf8 Rxf8 24. c3 Ng5 25. Be2 f5 26. Kg3 Bxf3 27.
Bxf3 Nxf3 28. Kxf3 fxg4+ 29. Kxg4 Rf2 30. Rb1 Kf7 31. Kg3 Rc2 32. Kf4 Kf6 33.
Ke4 Ke6 34. Rg1 g6 35. Rb1 Rh2 36. c4 g5 37. a4 h5 38. d5+ Kd6 39. b4 g4 40.
Kf4 Rc2 41. c5+ bxc5 42. bxc5+ Rxc5 43. Rb7 Ra5 44. Rb4 Rxd5 45. Rb7 Ra5 46.
Rb4 Rd5 47. Kg3 Rd3+ 48. Kh4 Rh3+ 49. Kg5 g3 50. Rb1 Rh2 51. Rg1 g2 52. Kf4
Rh4+ 53. Kg5 Rxa4 54. Kxh5 Ra2 0-1

[Event "20. Obert Int. Sant Marti 2018 - B"]
[Site "Barcelona ESP"]
[Date "2018.07.21"]
[Round "9.3"]
[White "Moravich, Juan"]
[Black "Nadal Fajardo, Ricard"]
[Result "1-0"]
[WhiteElo "1949"]
[BlackElo "1894"]
[PlyCount "157"]
[EventDate "2018.07.13"]
[EventType "swiss"]
[EventRounds "9"]
[EventCountry "ESP"]
[SourceTitle "Ajedrez en Madrid"]
[Source "lmi"]
[SourceDate "2018.07.13"]
[SourceVersion "1"]
[SourceVersionDate "2019.06.21"]
[SourceQuality "1"]

1. e4 c6 2. c4 d5 3. exd5 cxd5 4. cxd5 Qxd5 5. Nc3 Qd8 6. d4 Nf6 7. Bc4 e6 8.
Nge2 Be7 9. O-O O-O 10. a3 Nc6 11. Qd3 b6 12. Rd1 Bb7 13. Nf4 e5 14. dxe5 Nxe5
15. Qe2 Qc7 16. Bd5 Nxd5 17. Nfxd5 Bxd5 18. Nxd5 Qd6 19. Bf4 f6 20. Nxf6+ Qxf6
21. Bxe5 Qe6 22. Re1 Bc5 23. Bg3 Qf7 24. Qe6 Rae8 25. Qxf7+ Kxf7 26. Rad1 Rxe1+
27. Rxe1 Bd4 28. b3 Rc8 29. Kf1 Rc3 30. Rd1 Bf6 31. Rd7+ Ke6 32. Rxa7 Rxb3 33.
a4 Kd5 34. a5 bxa5 35. Rxa5+ Ke4 36. f3+ Kd3 37. Bd6 Bd4 38. Ra3 Rxa3 39. Bxa3
g5 40. Bc1 Bf6 41. Kf2 Kc2 42. Be3 Kd3 43. Bc1 Kc2 44. Ba3 Kb3 45. Bf8 Kc4 46.
Bh6 g4 47. fxg4 Kd5 48. Kf3 Ke6 49. Ke4 Kf7 50. Kf5 Bc3 51. Bf4 Bd4 52. Be5 Be3
53. Bf4 Bd4 54. Kg5 Kg7 55. Kh5 Bc3 56. Bh6+ Kf7 57. Bf4 Kg7 58. Bh6+ Kf7 59.
Be3 Bb2 60. g5 Be5 61. h3 Bc3 62. Bc5 Kg7 63. Be7 Kf7 64. Bf6 Bd2 65. Kh6 Kg8
66. g3 Be3 67. Be5 Bd2 68. Bf4 Bb4 69. g6 Bf8+ 70. Kh5 Bg7 71. h4 Bd4 72. g4
Bc3 73. Kg5 Bd4 74. Kf5 Bc3 75. h5 Bd4 76. gxh7+ Kxh7 77. g5 Kg8 78. Be5 Bc5
79. Kg6 1-0

[Event "20. Obert Int. Sant Marti 2018 - B"]
[Site "Barcelona ESP"]
[Date "2018.07.21"]
[Round "9.4"]
[White "Sumelzo Lozano, Jose"]
[Black "Saxena, Anshul"]
[Result "1-0"]
[WhiteElo "1941"]
[BlackElo "1647"]
[PlyCount "81"]
[EventDate "2018.07.13"]
[EventType "swiss"]
[EventRounds "9"]
[EventCountry "ESP"]
[SourceTitle "Ajedrez en Madrid"]
[Source "lmi"]
[SourceDate "2018.07.13"]
[SourceVersion "1"]
[SourceVersionDate "2019.06.21"]
[SourceQuality "1"]

1. d4 f5 2. c4 e6 3. g3 Nf6 4. Bg2 Be7 5. Nc3 d6 6. Nf3 O-O 7. O-O Nbd7 8. e3
Ne4 9. Qc2 Ndf6 10. b3 Nxc3 11. Qxc3 Ne4 12. Qc2 Qe8 13. Bb2 Qh5 14. Nd2 Nxd2
15. Qxd2 g5 16. f4 g4 17. e4 c6 18. exf5 exf5 19. d5 c5 20. Rfe1 Bd8 21. Re3
Bd7 22. Rae1 Qf7 23. Re6 Bxe6 24. Rxe6 Bf6 25. Rxf6 Qxf6 26. Bxf6 Rxf6 27. b4
b6 28. bxc5 bxc5 29. Qb2 Rf7 30. Qe2 Rb8 31. Qe6 Rb6 32. Bf1 Kg7 33. h4 h6 34.
Bd3 Rf6 35. Qe2 h5 36. Qe7+ Kg6 37. Qe8+ Kg7 38. Qxh5 Rb8 39. Bxf5 Rh8 40. Qg5+
Kf7 41. Be6+ 1-0

[Event "20. Obert Int. Sant Marti 2018 - B"]
[Site "Barcelona ESP"]
[Date "2018.07.21"]
[Round "9.5"]
[White "Perez Garcia, Jose Miguel"]
[Black "Pera Muntasell, Marc"]
[Result "1/2-1/2"]
[WhiteElo "1891"]
[BlackElo "1920"]
[PlyCount "224"]
[EventDate "2018.07.13"]
[EventType "swiss"]
[EventRounds "9"]
[EventCountry "ESP"]
[SourceTitle "Ajedrez en Madrid"]
[Source "lmi"]
[SourceDate "2018.07.13"]
[SourceVersion "1"]
[SourceVersionDate "2019.06.21"]
[SourceQuality "1"]

1. e4 c5 2. Nf3 Nf6 3. Qe2 d6 4. h3 Nc6 5. c3 e6 6. d4 d5 7. exd5 Nxd5 8. c4
Nf6 9. d5 Nd4 10. Nxd4 cxd4 11. Qd3 exd5 12. Qxd4 Be6 13. cxd5 Bxd5 14. Bb5+
Bc6 15. Bxc6+ bxc6 16. Qa4 Qc7 17. O-O Be7 18. Bf4 Qb7 19. Rc1 Rc8 20. Qc2 O-O
21. Nd2 Rfd8 22. a3 Nd5 23. Bg3 Bg5 24. Rd1 Bxd2 25. Rxd2 Re8 26. Rc1 Qd7 27.
Qc5 Qb7 28. Kh2 Nf6 29. Rdc2 Ne4 30. Qf5 Nxg3 31. fxg3 Re6 32. Qf3 h6 33. Rd1
Rce8 34. Rcd2 Re3 35. Qf4 R3e4 36. Qf5 R4e5 37. Qf2 Qb6 38. b4 R5e7 39. Qxb6
axb6 40. Rd6 Re6 41. R1d3 Kh7 42. Rd7 Kg6 43. Rb7 b5 44. Rc7 Rf6 45. Rc3 Ree6
46. Rc8 Kh7 47. Rd8 Re2 48. g4 Rff2 49. Rg3 Rc2 50. Rdd3 Kg6 51. Rde3 Rf6 52.
Rc3 Rff2 53. Rcd3 Rfe2 54. h4 Kh7 55. g5 h5 56. g6+ fxg6 57. Rd6 Re4 58. Rdxg6
Rxh4+ 59. Kg1 Rg4 60. R6xg4 hxg4 61. Rxg4 Rc3 62. Rh4+ Kg6 63. Rd4 Rxa3 64.
Rd6+ Kf7 65. Rxc6 Rb3 66. Rb6 Rxb4 67. Kf2 Rb3 68. Ke2 g6 69. Kf2 Kg7 70. g3
Kh6 71. Kg2 Kg5 72. Kh3 Kf5 73. Rc6 b4 74. Rc5+ Kf6 75. Rc6+ Kg5 76. Rc5+ Kh6
77. Kg4 Rc3 78. Rb5 b3 79. Rb4 Rd3 80. Kh4 Rc3 81. Kg4 Kg7 82. Kf4 Kf6 83. Rb6+
Kf7 84. g4 Rc4+ 85. Kg5 Rc5+ 86. Kf4 Rc3 87. Kg5 Rg3 88. Rf6+ Ke7 89. Rxg6 Rg1
90. Rb6 Rb1 91. Kg6 b2 92. g5 Kf8 93. Rb7 Ke8 94. Rb5 Kd7 95. Kg7 Kc6 96. Rb3
Kc5 97. g6 Kc4 98. Rb6 Kc3 99. Rc6+ Kb3 100. Rb6+ Ka3 101. Kg8 Rg1 102. g7 Ka2
103. Ra6+ Kb3 104. Rb6+ Kc2 105. Rc6+ Kd1 106. Rb6 Rg2 107. Kh7 Rh2+ 108. Kg6
Rg2+ 109. Kf7 Rf2+ 110. Kg6 Rg2+ 111. Kf7 Kc1 112. Rxb2 Kxb2 1/2-1/2

[Event "20. Obert Int. Sant Marti 2018 - B"]
[Site "Barcelona ESP"]
[Date "2018.07.21"]
[Round "9.6"]
[White "Costa Trave, Jaume"]
[Black "Morais Carreras, Javier"]
[Result "0-1"]
[WhiteElo "1862"]
[BlackElo "1913"]
[PlyCount "106"]
[EventDate "2018.07.13"]
[EventType "swiss"]
[EventRounds "9"]
[EventCountry "ESP"]
[SourceTitle "Ajedrez en Madrid"]
[Source "lmi"]
[SourceDate "2018.07.13"]
[SourceVersion "1"]
[SourceVersionDate "2019.06.21"]
[SourceQuality "1"]

1. d4 d5 2. Nc3 Nf6 3. Bf4 Bf5 4. e3 e6 5. Bd3 Bg6 6. Nge2 Bd6 7. Qd2 a6 8.
Bxd6 cxd6 9. Nf4 Nc6 10. a3 Na5 11. O-O Nc4 12. Bxc4 dxc4 13. Nxg6 hxg6 14. e4
Qc7 15. d5 O-O-O 16. h3 e5 17. Qe3 Kb8 18. b3 Rh4 19. bxc4 Qxc4 20. f3 Rc8 21.
Ne2 Qc5 22. Qxc5 Rxc5 23. c3 Ka7 24. Rab1 Nd7 25. Rb3 Ra5 26. c4 Nc5 27. Re3 f5
28. Kh2 Ra4 29. g3 Rh8 30. Rc1 Rc8 31. g4 fxe4 32. fxe4 Rf8 33. Kg3 g5 34. h4
Rf4 35. hxg5 Rxe4 36. Rxe4 Nxe4+ 37. Kh4 Rxa3 38. Kh5 Re3 39. Rc2 Rxe2 40. Rc1
a5 41. Kg6 Rg2 42. Kf5 Nc5 43. Kg6 Rxg4 44. Kxg7 Rxg5+ 45. Kf6 Rh5 46. Ke7 Rh6
47. Rb1 e4 48. Rb2 b6 49. Re2 Kb7 50. Rb2 Kc7 51. Re2 Rh5 52. Kf6 Re5 53. Re3
a4 0-1

[Event "20. Obert Int. Sant Marti 2018 - B"]
[Site "Barcelona ESP"]
[Date "2018.07.21"]
[Round "9.7"]
[White "Raghav, Bansal"]
[Black "Palacios Pena, Gerardo"]
[Result "1-0"]
[WhiteElo "1541"]
[BlackElo "1905"]
[PlyCount "34"]
[EventDate "2018.07.13"]
[EventType "swiss"]
[EventRounds "9"]
[EventCountry "ESP"]
[SourceTitle "Ajedrez en Madrid"]
[Source "lmi"]
[SourceDate "2018.07.13"]
[SourceVersion "1"]
[SourceVersionDate "2019.06.21"]
[SourceQuality "1"]

1. d4 d5 2. Bf4 Bf5 3. e3 e6 4. Nf3 Nf6 5. c4 Bxb1 6. Rxb1 Bb4+ 7. Ke2 O-O 8.
c5 c6 9. Qb3 Na6 10. a3 Bxc5 11. dxc5 Nxc5 12. Qc2 Nfe4 13. Nd2 f6 14. f3 Nxd2
15. Kxd2 Nd7 16. Bd3 g6 17. Bh6 Rf7 1-0

[Event "20. Obert Int. Sant Marti 2018 - B"]
[Site "Barcelona ESP"]
[Date "2018.07.21"]
[Round "9.8"]
[White "Riera Danes, Manel"]
[Black "Low, Ethan"]
[Result "1/2-1/2"]
[WhiteElo "1938"]
[BlackElo "1741"]
[PlyCount "68"]
[EventDate "2018.07.13"]
[EventType "swiss"]
[EventRounds "9"]
[EventCountry "ESP"]
[SourceTitle "Ajedrez en Madrid"]
[Source "lmi"]
[SourceDate "2018.07.13"]
[SourceVersion "1"]
[SourceVersionDate "2019.06.21"]
[SourceQuality "1"]

1. e4 c6 2. d4 d5 3. Nc3 dxe4 4. Nxe4 Bf5 5. Ng3 Bg6 6. h4 h6 7. Nf3 Nd7 8. h5
Bh7 9. Bd3 Bxd3 10. Qxd3 Ngf6 11. Bd2 Qc7 12. O-O-O O-O-O 13. Qe2 e6 14. Ne5
Nb6 15. Ba5 c5 16. dxc5 Bxc5 17. Nd3 Bd6 18. Ne4 Nxe4 19. Qxe4 Be7 20. Ne5 Bf6
21. f4 Rhf8 22. Rh3 Rxd1+ 23. Kxd1 Bxe5 24. fxe5 Rd8+ 25. Kc1 Kb8 26. Bb4 Qc4
27. Bd6+ Ka8 28. Qxc4 Nxc4 29. Rc3 Nxd6 30. exd6 Kb8 31. Rc7 Rxd6 32. Rxf7 Rd5
33. Rxg7 Rxh5 34. Rg6 e5 1/2-1/2

[Event "20. Obert Int. Sant Marti 2018 - B"]
[Site "Barcelona ESP"]
[Date "2018.07.21"]
[Round "9.11"]
[White "Zubimendi Felip, Ricard"]
[Black "Garcia Quevedo, Jose"]
[Result "0-1"]
[WhiteElo "1752"]
[BlackElo "1864"]
[PlyCount "54"]
[EventDate "2018.07.13"]
[EventType "swiss"]
[EventRounds "9"]
[EventCountry "ESP"]
[SourceTitle "Ajedrez en Madrid"]
[Source "lmi"]
[SourceDate "2018.07.13"]
[SourceVersion "1"]
[SourceVersionDate "2019.06.21"]
[SourceQuality "1"]

1. e4 c5 2. Nf3 d6 3. Nc3 Nf6 4. d4 cxd4 5. Nxd4 a6 6. Be2 e6 7. Be3 Be7 8. Qd2
Qc7 9. O-O O-O 10. f4 b5 11. a3 Bb7 12. Bd3 Nbd7 13. Nde2 Nc5 14. Ng3 Rac8 15.
e5 dxe5 16. fxe5 Qxe5 17. Rae1 Qc7 18. Bd4 Nxd3 19. cxd3 Rfd8 20. Bxf6 Bxf6 21.
Rxf6 gxf6 22. Qh6 Qc5+ 23. Kh1 Qg5 24. Qh3 Rxd3 25. Rf1 f5 26. Nce2 Rc2 27. Kg1
Rxe2 0-1

[Event "20. Obert Int. Sant Marti 2018 - B"]
[Site "Barcelona ESP"]
[Date "2018.07.21"]
[Round "9.12"]
[White "Planella Sanchez, Jordi"]
[Black "Lopez Nadal, Alex"]
[Result "1-0"]
[WhiteElo "1945"]
[BlackElo "1794"]
[PlyCount "107"]
[EventDate "2018.07.13"]
[EventType "swiss"]
[EventRounds "9"]
[EventCountry "ESP"]
[SourceTitle "Ajedrez en Madrid"]
[Source "lmi"]
[SourceDate "2018.07.13"]
[SourceVersion "1"]
[SourceVersionDate "2019.06.21"]
[SourceQuality "1"]

1. d4 c5 2. dxc5 Qa5+ 3. Nc3 Qxc5 4. e4 Qc7 5. Nd5 Qd8 6. Bf4 d6 7. Qd2 e6 8.
Nc3 Be7 9. O-O-O e5 10. Be3 Nf6 11. f3 a6 12. g4 h6 13. h4 Be6 14. Nge2 Nc6 15.
Ng3 Nb4 16. Kb1 d5 17. exd5 Nfxd5 18. Bc4 Nxc3+ 19. Qxc3 Qc8 20. Bxe6 Qxe6 21.
Qb3 Qxb3 22. axb3 g6 23. c3 Nc6 24. h5 f5 25. gxf5 g5 26. Ne4 Rd8 27. Rxd8+
Kxd8 28. Bb6+ Ke8 29. f6 Bf8 30. Rd1 Rh7 31. Kc2 Rd7 32. Rd3 Rxd3 33. Kxd3 Kd7
34. Bc5 Ke8 35. Kc4 Na5+ 36. Kd5 Nxb3 37. Bxf8 Kxf8 38. Kxe5 b6 39. Kf5 Kf7 40.
Nd6+ Kg8 41. Nc4 Nc5 42. Nxb6 Kf7 43. b4 Ne6 44. Nd7 Nf4 45. Ne5+ Kg8 46. c4
Kh7 47. c5 Nd5 48. Nd3 Nc7 49. Ke5 Nb5 50. c6 g4 51. fxg4 Kg8 52. Nc5 Kf7 53.
Nxa6 Kg8 54. c7 1-0

[Event "20. Obert Int. Sant Marti 2018 - B"]
[Site "Barcelona ESP"]
[Date "2018.07.21"]
[Round "9.13"]
[White "Zaiats, Vladimir"]
[Black "Minos Constante, Pablo"]
[Result "1/2-1/2"]
[WhiteElo "1943"]
[BlackElo "1781"]
[PlyCount "60"]
[EventDate "2018.07.13"]
[EventType "swiss"]
[EventRounds "9"]
[EventCountry "ESP"]
[SourceTitle "Ajedrez en Madrid"]
[Source "lmi"]
[SourceDate "2018.07.13"]
[SourceVersion "1"]
[SourceVersionDate "2019.06.21"]
[SourceQuality "1"]

1. e4 c5 2. Nf3 e6 3. Nc3 Nc6 4. d4 cxd4 5. Nxd4 Nf6 6. a3 a6 7. Be2 Be7 8. Be3
Qc7 9. Qd2 b5 10. Nxc6 dxc6 11. O-O O-O 12. Rad1 e5 13. f3 Be6 14. Qe1 Rfd8 15.
Qf2 c5 16. Rfe1 Rac8 17. Bf1 Qc6 18. Rxd8+ Rxd8 19. Rd1 Rxd1 20. Nxd1 Nd7 21.
Qd2 Qd6 22. Qxd6 Bxd6 23. a4 c4 24. axb5 axb5 25. Nc3 b4 26. Na4 Kf8 27. Kf2
Ke7 28. Ke1 Kd8 29. Nb6 Nxb6 30. Bxb6+ Kd7 1/2-1/2

[Event "20. Obert Int. Sant Marti 2018 - B"]
[Site "Barcelona ESP"]
[Date "2018.07.21"]
[Round "9.14"]
[White "Grao Amaya, Rafael"]
[Black "Molinero Martin, Joan"]
[Result "0-1"]
[WhiteElo "1767"]
[BlackElo "1939"]
[PlyCount "101"]
[EventDate "2018.07.13"]
[EventType "swiss"]
[EventRounds "9"]
[EventCountry "ESP"]
[SourceTitle "Ajedrez en Madrid"]
[Source "lmi"]
[SourceDate "2018.07.13"]
[SourceVersion "1"]
[SourceVersionDate "2019.06.21"]
[SourceQuality "1"]

1. d4 Nf6 2. Bf4 g6 3. e3 Bg7 4. Be2 O-O 5. h3 c5 6. c3 Qb6 7. Qb3 d6 8. Nd2
Nc6 9. Ngf3 Qxb3 10. Nxb3 b6 11. O-O Bb7 12. a4 Rfe8 13. a5 cxd4 14. a6 Bc8 15.
Bb5 Bd7 16. exd4 Nd5 17. Bh2 Nc7 18. Bd3 Rad8 19. Rfe1 Nb8 20. c4 Ncxa6 21. Bf1
Bc8 22. c5 bxc5 23. Bb5 Be6 24. Rxe6 fxe6 25. Bxa6 Nxa6 26. Rxa6 Rb8 27. Ra3 c4
28. Na5 Rxb2 29. Bg3 Rc8 30. Nxc4 Rxc4 31. Rxa7 Bf6 32. Rd7 Kf7 33. Ra7 Rb6 34.
Bf4 e5 35. dxe5 Rxf4 36. exf6 Kxf6 37. Ra8 e5 38. Rf8+ Kg7 39. Re8 h6 40. Rd8
g5 41. Rd7+ Kg6 42. Kh2 Rf6 43. Re7 Rb4 44. Kg3 e4 45. Nh2 h5 46. Nf1 h4+ 47.
Kh2 Rxf2 48. Ne3 Rd4 49. Ng4 Rf4 50. Rd7 Rxg4 51. hxg4 0-1

[Event "20. Obert Int. Sant Marti 2018 - B"]
[Site "Barcelona ESP"]
[Date "2018.07.21"]
[Round "9.15"]
[White "Ishaan, Bansal"]
[Black "Martinez Escribano, Jose Angel"]
[Result "1-0"]
[WhiteElo "1759"]
[BlackElo "1930"]
[PlyCount "25"]
[EventDate "2018.07.13"]
[EventType "swiss"]
[EventRounds "9"]
[EventCountry "ESP"]
[SourceTitle "Ajedrez en Madrid"]
[Source "lmi"]
[SourceDate "2018.07.13"]
[SourceVersion "1"]
[SourceVersionDate "2019.06.21"]
[SourceQuality "1"]

1. d4 Nf6 2. Bf4 g6 3. Nc3 Bg7 4. e4 O-O 5. Qd2 c5 6. dxc5 Qa5 7. Be3 Nc6 8. f3
d5 9. Nxd5 Qxd2+ 10. Bxd2 Nxd5 11. exd5 Nd4 12. O-O-O Bf5 13. c3 1-0

[Event "20. Obert Int. Sant Marti 2018 - B"]
[Site "Barcelona ESP"]
[Date "2018.07.21"]
[Round "9.16"]
[White "Melnik, Alexander"]
[Black "Franzoni Ladron De Guevara, Enric"]
[Result "1-0"]
[WhiteElo "1882"]
[BlackElo "1760"]
[PlyCount "77"]
[EventDate "2018.07.13"]
[EventType "swiss"]
[EventRounds "9"]
[EventCountry "ESP"]
[SourceTitle "Ajedrez en Madrid"]
[Source "lmi"]
[SourceDate "2018.07.13"]
[SourceVersion "1"]
[SourceVersionDate "2019.06.21"]
[SourceQuality "1"]

1. e4 c5 2. Nf3 d6 3. d4 cxd4 4. Nxd4 Nf6 5. Nc3 a6 6. Be2 e5 7. Nf3 h6 8. O-O
Be6 9. Re1 Be7 10. h3 Nbd7 11. Bf1 Qc7 12. Nh4 g6 13. Be3 Kf8 14. Qf3 Kg7 15.
Rad1 b5 16. a3 Nb6 17. Bc1 Rad8 18. g3 d5 19. exd5 Nbxd5 20. Nxd5 Bxd5 21. Qe3
e4 22. c4 bxc4 23. Qc3 Kh7 24. Bf4 Qc6 25. Be5 Rhe8 26. Ng2 Nd7 27. Bd4 Bc5 28.
Bxc4 Bxd4 29. Rxd4 Nf6 30. Red1 Qa8 31. Qd2 Rd7 32. Bxd5 Nxd5 33. Rxd5 Rde7 34.
Rd7 Qc8 35. Qd6 Rxd7 36. Qxd7 Qxd7 37. Rxd7 Kg8 38. Ne3 f5 39. Rd6 1-0

[Event "20. Obert Int. Sant Marti 2018 - B"]
[Site "Barcelona ESP"]
[Date "2018.07.21"]
[Round "9.17"]
[White "Fernandez Egea, Andres"]
[Black "Pascual Gonzalez-Novelles, Carles"]
[Result "1-0"]
[WhiteElo "1876"]
[BlackElo "1717"]
[PlyCount "61"]
[EventDate "2018.07.13"]
[EventType "swiss"]
[EventRounds "9"]
[EventCountry "ESP"]
[SourceTitle "Ajedrez en Madrid"]
[Source "lmi"]
[SourceDate "2018.07.13"]
[SourceVersion "1"]
[SourceVersionDate "2019.06.21"]
[SourceQuality "1"]

1. d4 Nf6 2. Bf4 d5 3. e3 e6 4. Nd2 c5 5. c3 Nc6 6. h3 cxd4 7. exd4 Be7 8. Ngf3
O-O 9. Bd3 Re8 10. g4 Bd6 11. Ne5 Bxe5 12. dxe5 Nd7 13. Nf3 Qc7 14. Qe2 f6 15.
g5 Ncxe5 16. Nxe5 Nxe5 17. Bxh7+ Kf8 18. gxf6 gxf6 19. Bxe5 Qxe5 20. Qxe5 fxe5
21. Rg1 Ke7 22. h4 Bd7 23. Rg7+ Kd6 24. h5 Rh8 25. Ke2 Raf8 26. Rh1 Rf6 27. Bg6
e4 28. h6 Bb5+ 29. Ke1 e5 30. h7 Ke6 31. Rg8 1-0

[Event "20. Obert Int. Sant Marti 2018 - B"]
[Site "Barcelona ESP"]
[Date "2018.07.21"]
[Round "9.18"]
[White "Caro Martinez, Ramon"]
[Black "Lozano Ruiz, David"]
[Result "0-1"]
[WhiteElo "1741"]
[BlackElo "1869"]
[PlyCount "70"]
[EventDate "2018.07.13"]
[EventType "swiss"]
[EventRounds "9"]
[EventCountry "ESP"]
[SourceTitle "Ajedrez en Madrid"]
[Source "lmi"]
[SourceDate "2018.07.13"]
[SourceVersion "1"]
[SourceVersionDate "2019.06.21"]
[SourceQuality "1"]

1. d4 f5 2. Bg5 h6 3. Bd2 Nf6 4. Nc3 d5 5. Nf3 Be6 6. Ne5 g5 7. Ng6 Rg8 8. Nxf8
Rxf8 9. e3 Nc6 10. Bb5 Qd7 11. Na4 O-O-O 12. Nc5 Qd6 13. Qe2 Ne4 14. b4 Nb8 15.
a4 f4 16. Nxe4 dxe4 17. exf4 Qxd4 18. c3 Qd5 19. a5 c6 20. Ba4 gxf4 21. c4 Qxc4
22. Qxc4 Bxc4 23. Rc1 Bd5 24. b5 a6 25. Bc3 Rf5 26. bxa6 Nxa6 27. Bg7 h5 28.
O-O e5 29. Rfd1 Nc7 30. a6 Nxa6 31. g3 Nc7 32. gxf4 Rg8 33. fxe5 Rxg7+ 34. Kf1
e3 35. Ke2 Bf3+ 0-1